Examen psicológico del niño

Saved in:
書目詳細資料
主要作者: Corman, Louis (Author)
格式: 圖書
語言:西班牙语
出版: Barcelona Herder 1971
叢編:Biblioteca de psicología, 2
主題:
標簽: 添加標簽
沒有標簽, 成為第一個標記此記錄!

MARC

LEADER 00000nam a2200000 a 4500
001 UCY6175
003 CL-VaPUC
008 950521e19710000SP |||||||||||||||||spa|d
082 0 4 |a 155.4  |b COR  |2 21 
100 0 |a Corman, Louis  |e author  |9 335954 
245 1 0 |a Examen psicológico del niño 
300 |a 303 p 
942 |c BK 
945 |d 19950521 00:00:00  |a cmena 
260 |a Barcelona  |b Herder  |c 1971 
650 0 |a Psicología   |9 257863 
650 0 |a Niños  |9 255605 
650 0 |a Psicología del niño  |9 307305 
650 0 |a Pruebas psicológicas  |9 307459 
650 0 |a Trastornos del comportamiento  |9 311363 
650 7 |a ENTREVISTA PSICOLOGICA  |2 CL-VaPUC  |9 332451 
650 0 |a Desarrollo individual   |9 307875 
650 0 |a Pruebas de inteligencia  |9 307461 
650 0 |a Personalidad   |9 307255 
650 0 |a Psicología clínica  |9 307259 
583 |a last modification  |c 19950521 00:00:00  |k Rodrigo Vera 
490 0 |a Biblioteca de psicología, 2 
999 |c 233755  |d 233753 
952 |0 0  |1 0  |4 0  |6 155_400000000000000_COR_1971  |7 0  |8 P  |9 239483  |a BIBEDU  |b BIBEDU  |c BIBEDU_PB  |d 2019-11-18  |i 1504827  |o 155.4 COR 1971  |p 1504827  |r 2024-01-25  |w 2019-11-18  |y BK  |k EDU